00471nam a2200157Ia 4500003000900000008004100009020001800050040001600068080001700084100001900101245010300120260003700223300001500260650001900275650001900294IN-BaIIA211028s9999 xx 000 0 eng d a0-201-50820-6 cIIA Library a530.145bHOL aHolstein, B. R 0aTopics in advanced quantum mechanicscB. R. Holstein  aCaliforniabAddison-Wesleyc1992 axii, 436p. aNASA thesaurus aQuantum theory